000 00437nam a22001457a 4500
005 20180111125656.0
008 180111b xxu||||| |||| 00| 0 eng d
040 _cPK-LaUMT
082 _aPKAC 320.95491
_bKHU-Y
100 _aKhurshid Ahmed
245 _aYaum e azadi tajdeed e ohad ka din(یوم آزادی تجدید عہد کا دن)
_cKhurshid Ahmed
260 _aلاہور:
_bمنشورات،
_c2001
300 _a24
942 _cBK
999 _c101539
_d101539